Statistics for Top 60 World Cities With Seven Letters

Click here to take the quiz!

General Stats

  • This quiz has been taken 127 times
  • The average score is 36 of 60

Answer Stats

popcountrycity% Correct
28.10 milIndonesiaJakarta
100%
16.90 milThailandBangkok
99%
9.80 milUnited StatesChicago
97%
21.20 milChinaBeijing
96%
5.20 milKenyaNairobi
94%
22.00 milUnited StatesNew York
94%
3.68 milAlgeriaAlgiers
93%
3.70 milVenezuelaCaracas
93%
6.20 milUnited StatesHouston
93%
24.30 milPakistanKarachi
93%
7.10 milCanadaToronto
93%
2.50 milIsraelTel Aviv
92%
6.85 milIraqBaghdad
89%
5.70 milUnited StatesDetroit
89%
16.00 milIndiaKolkata
89%
1.84 milCosta RicaSan José
89%
5.50 milUnited StatesAtlanta
86%
4.08 milUnited StatesSeattle
86%
4.68 milSri LankaColombo
84%
10.00 milIndiaChennai
83%
2.75 milGermanyHamburg
83%
3.03 milUgandaKampala
81%
11.40 milChinaT{ianjin}
79%
6.85 milChinaN{anjing}
73%
3.08 milUnited StatesOrlando
73%
5.05 milCôte d'IvoireAbidjan
72%
4.33 milUnited StatesPhoenix
72%
2.73 milCameroonYaoundé
68%
2.50 milJapanSapporo
67%
9.60 milChinaC{hengdu}
66%
2.23 milGuineaConakry
65%
5.95 milIndonesiaBandung
59%
5.70 milChinaQ{ingdao}
57%
1.62 milArgentinaCórdoba
55%
2.75 milIranIsfahan
53%
3.08 milIranMashhad
51%
1.88 milMexicoTijuana
51%
2.65 milJapanFukuoka
48%
3.95 milChinaK{unming}
47%
5.90 milChinaW{enzhou}
47%
3.33 milIndiaLucknow
46%
7.95 milChinaS{hantou}
46%
1.65 milUkraineKharkov
45%
3.20 milChinaN{anning}
41%
2.85 milChinaL{anzhou}
39%
2.25 milBrazilGoiânia
33%
4.20 milChinaT{aiyuan}
33%
2.15 milUnited StatesSan Juan
28%
2.88 milChinaG{uiyang}
27%
2.80 milChinaH{uizhou}
19%
1.96 milChinaL{uoyang}
19%
2.20 milJapanOkayama
18%
1.92 milChinaL{iuzhou}
16%
2.08 milChinaT{aizhou}
16%
1.64 milIndiaMadurai
13%
1.95 milChinaN{antong}
13%
1.76 milChinaH{uainan}
12%
1.79 milBrazilVitória
11%
1.78 milChinaH{uhehot}
7%
1.79 milIndiaBenares
3%

Score Distribution

Percentile by Number Answered

Percent of People with Each Score

Your Score History

You have not taken this quiz